000 00289nam a22001337a 4500
008 170928b xxu||||| |||| 00| 0 eng d
020 _a9780130107992
041 _aeng
080 _a37
100 _a47
101 _aEDU
245 _aKEYS TO SUCCESS READER
_cBISHOP,J
942 _2udc
_cBK
999 _c30482
_d30482